| 000 | 00759pam a2200205 a 4500 | ||
|---|---|---|---|
| 001 | 617503 | ||
| 005 | 20250320103014.0 | ||
| 008 | 921209s1993 mau 000 0 eng | ||
| 020 | _z0975844340 (hard : alk. paper) | ||
| 020 |
_a087584412X (pbk. : alk. paper) : _c$16.95 |
||
| 050 | 0 | 0 |
_aHD30.17 _b.H56 1993 |
| 082 | 0 | 0 |
_a650/.03 _220 |
| 100 | 1 | _aHindle, Tim. | |
| 245 | 1 | 0 |
_aField guide to business terms : _ba glossary of essential tools and concepts for today's manager / _cchief contributor, Tim Hindle ; edited by Alistair D. Williamson. |
| 260 |
_aBoston, Mass. : _bHarvard Business School Press, _cc1993. |
||
| 300 |
_aix, 277 p. ; _c19 cm. |
||
| 650 | 0 |
_aIndustrial management _xTerminology. |
|
| 700 | 1 | _aWilliamson, Alistair D. | |
| 942 |
_2lcc _cBK _n0 |
||
| 999 |
_c4998 _d4998 |
||